L Top Girls Names in the U.S. Quiz Stats

Quiz not verified by Sporcle

Challenge
Share
Tweet
Embed
Score 0/14 Timer 04:00
0 Plays Today
Rank Name % Correct
28Laura
96.1%
15Lisa
94.1%
5Linda
92.2%
62Lauren
80.4%
98Lillian
66.7%
83Louise
62.7%
145Lucille
62.7%
Rank Name % Correct
95Lori
60.8%
166Lynn
60.8%
143Leslie
56.9%
91Lois
56.9%
165Lorraine
51%
192Laurie
49%
189Loretta
45.1%

You're not logged in!

Compare scores with friends on all Sporcle quizzes.
Join for Free
OR
Log In

You Might Also Like...

Show Comments

Extras

Created Feb 15, 2017SourceReportNominate
Tags:girl

Top Quizzes Today


Score Distribution

Your Account Isn't Verified!

In order to create a playlist on Sporcle, you need to verify the email address you used during registration. Go to your Sporcle Settings to finish the process.

Report this User

Report this user for behavior that violates our Community Guidelines.

Details: